000 01352nam a2200481Ia 4500
001 131055
003 222616
005 20240715174435.0
008 ||||||n9999 ||| || ||
082 _222
_a9232861
100 _aArdila Duarte, Benjamín
_910602
245 0 _aEl profesor Alfonso López Michelsen
_bconstitucionalista y hombre de estado
_cBenjamín Ardila Duarte
504 _aIncluye bibliografía.
562 _e1
650 _aLOPEZ MICHELSEN, ALFONSO, 1913-2007
_960321
650 _aLOPEZ MICHELSEN, ALFONSO, 1913-2007--ESCRITOS POLITICOS
_9158552
650 _aLOPEZ MICHELSEN, ALFONSO, 1913-2007--MISIONES POLITICAS
_9158553
650 _aLOPEZ MICHELSEN, ALFONSO, 1913-2007--PENSAMIENTO POLITICO
_9158554
650 _aLOPEZ MICHELSEN, ALFONSO, 1913-2007--PROCLAMAS Y DISCURSOS
_9158555
650 _aPRESIDENTES--COLOMBIA--BIOGRAFÍAS
_9158556
942 _cBKM
999 _c131055
_d131055
526 _a
526 _a17598
526 _a102617
526 _a102618
526 _a15794
526 _a102619
526 _a1703
526 _a102620
526 _a10406
526 _a105630
526 _a1698
526 _a116204
526 _a51868
526 _a4969
526 _a19790
526 _a104436
526 _a5144
526 _a1697
526 _a3899
526 _a9683